[Event "UK Armed Services Championship"]
[Site "Wittering"]
[Date "2024.04.06"]
[Round "4.3"]
[White "Sherpa, Ngadi"]
[Black "Thurlow, Kevin J"]
[Result "1-0"]
[WhiteElo "1791"]
[BlackElo "2042"]
[PlyCount "73"]
[EventDate "2024.04.05"]
[EventType "swiss"]
[EventRounds "7"]
[EventCountry "ENG"]
[SourceTitle "BritBase"]
[Source "John Saunders"]
[SourceDate "2024.05.09"]
[SourceVersion "1"]
[SourceVersionDate "2024.04.06"]
[SourceQuality "1"]

1. e4 c5 2. Nf3 Nc6 3. Nc3 e6 4. Bb5 Nge7 5. d4 cxd4 6. Nxd4 Qc7 7. O-O a6 8.
Nxc6 dxc6 9. Bd3 e5 10. b3 Ng6 11. Ne2 Bg4 12. h3 Be6 13. f4 exf4 14. Nxf4 Nxf4
15. Bxf4 Bd6 16. Bxd6 Qxd6 17. Qf3 Rd8 18. a4 O-O 19. Rad1 Qe5 20. Rd2 Rd7 21.
Rdf2 f6 22. Qe2 b5 23. Kh1 Rfd8 24. Rf3 Qh5 25. Qf2 Rd4 26. axb5 axb5 27. Qg3
Qe5 28. Qh4 Bxb3 29. Rf5 Qe7 30. Qg3 Kh8 31. e5 Qc7 32. Rh5 Bg8 33. Bxh7 Bxh7
34. Qg6 Kg8 35. Qxh7+ Kf8 36. exf6 Rf4 37. Qxg7+ 1-0

[Event "UK Armed Services Championship"]
[Site "Wittering"]
[Date "2024.04.06"]
[Round "4.4"]
[White "Portman, Carl S"]
[Black "Echavarria Hidalgo, Fernando"]
[Result "1/2-1/2"]
[WhiteElo "1913"]
[BlackElo "1785"]
[PlyCount "92"]
[EventDate "2024.04.05"]
[EventType "swiss"]
[EventRounds "7"]
[EventCountry "ENG"]
[SourceTitle "BritBase"]
[Source "John Saunders"]
[SourceDate "2024.05.09"]
[SourceVersion "1"]
[SourceVersionDate "2024.04.06"]
[SourceQuality "1"]

1. d4 Nf6 2. Nc3 e6 3. Bf4 Bb4 4. a3 Bxc3+ 5. bxc3 Nd5 6. Bd2 Nc6 7. e4 Nde7 8.
Bd3 O-O 9. f4 f5 10. e5 Ng6 11. Nf3 Nh4 12. O-O Ng6 13. c4 Nce7 14. c3 b6 15.
g3 Bb7 16. Be2 Rc8 17. Be3 a5 18. Rb1 Be4 19. Rb2 Ba8 20. Nd2 Kh8 21. Bf3 Bxf3
22. Qxf3 c6 23. a4 Rb8 24. Rfb1 Qc7 25. h4 Nc8 26. c5 Nge7 27. c4 Qa7 28. Qf2
Qc7 29. Kh2 Qd8 30. Rb3 Ng8 31. Kg2 Nh6 32. Nf1 Ng4 33. Qd2 Nxe3+ 34. Nxe3 Qc7
35. Qb2 Qb7 36. Kf2 Qa6 37. cxb6 Rb7 38. c5 Ne7 39. Qe2 Qxe2+ 40. Kxe2 Ra8 41.
Kf3 h5 42. Kf2 Kh7 43. Rd1 g6 44. Kf3 Ra6 {(=)} 45. Rdb1 Ra8 46. R1b2 Ra6
1/2-1/2

[Event "UK Armed Services Championship"]
[Site "Wittering"]
[Date "2024.04.06"]
[Round "4.5"]
[White "Parker, Glen D"]
[Black "Collins, Nigel"]
[Result "1-0"]
[WhiteElo "2039"]
[BlackElo "1488"]
[PlyCount "59"]
[EventDate "2024.04.05"]
[EventType "swiss"]
[EventRounds "7"]
[EventCountry "ENG"]
[SourceTitle "BritBase"]
[Source "John Saunders"]
[SourceDate "2024.05.09"]
[SourceVersion "1"]
[SourceVersionDate "2024.04.06"]
[SourceQuality "1"]

1. e4 c5 2. Nf3 d6 3. b4 cxb4 4. d4 Nf6 5. Bd3 e6 6. a3 bxa3 7. c3 Be7 8. O-O
O-O 9. e5 dxe5 10. Nxe5 Nbd7 11. f4 Nxe5 12. fxe5 Ne8 13. Bxh7+ Kxh7 14. Qh5+
Kg8 15. Rf3 f5 16. Rh3 f4 17. Qh7+ Kf7 18. Bxf4 Rg8 19. Rf3 Nf6 20. exf6 Bxf6
21. Be5 Rh8 22. Bxf6 Rxh7 23. Bxd8+ Ke8 24. Ba5 b6 25. Bb4 Rh8 26. Nxa3 a5 27.
Nb5 Kd7 28. c4 Bb7 29. Rf7+ Kc6 30. Rc7# 1-0

[Event "UK Armed Services Championship"]
[Site "Wittering"]
[Date "2024.04.06"]
[Round "4.6"]
[White "Altaykan, Metin"]
[Black "Bradley, William"]
[Result "0-1"]
[WhiteElo "1744"]
[BlackElo "1901"]
[PlyCount "106"]
[EventDate "2024.04.05"]
[EventType "swiss"]
[EventRounds "7"]
[EventCountry "ENG"]
[SourceTitle "BritBase"]
[Source "John Saunders"]
[SourceDate "2024.05.09"]
[SourceVersion "1"]
[SourceVersionDate "2024.04.06"]
[SourceQuality "1"]

1. c4 e5 2. g3 Nc6 3. Bg2 f5 4. d3 Nf6 5. Nc3 Be7 6. Nf3 d6 7. O-O O-O 8. Rb1
Qe8 9. b4 Qh5 10. b5 Nd8 11. e4 fxe4 12. dxe4 Bg4 13. Qd3 Nxe4 14. Nxe4 Bxf3
15. Qd5+ Kh8 16. Qd3 Be2 17. Qe3 Bxf1 18. Bxf1 Ne6 19. Be2 Qg6 20. Bd3 Nd4 21.
Nd2 Qh5 22. Bb2 Nf3+ 23. Nxf3 Qxf3 24. Qxf3 Rxf3 25. Be4 Rff8 26. Bxb7 Rab8 27.
Bd5 Bg5 28. Bc3 Rbe8 29. Be4 Re7 30. Re1 Ref7 31. f3 Rxf3 32. Bxf3 Rxf3 33. Bb4
Be3+ 34. Kg2 Rf2+ 35. Kh3 Bd4 36. Ba5 Bb6 37. Bxb6 axb6 38. Ra1 Rc2 39. a4 Rxc4
40. a5 bxa5 41. Rxa5 Kg8 42. Ra8+ Kf7 43. Ra7 Kf6 44. Ra3 e4 45. Kg4 Ke5 46. h4
d5 47. Ra5 h5+ 48. Kxh5 e3 49. Kg5 e2 50. Ra1 d4 51. Kg4 Ke4 52. Re1 d3 53. h5
Ke3+ 0-1

[Event "UK Armed Services Championship"]
[Site "Wittering"]
[Date "2024.04.06"]
[Round "4.7"]
[White "Driscoll, Mark"]
[Black "Foulds, Andrew"]
[Result "1/2-1/2"]
[WhiteElo "1720"]
[BlackElo "1792"]
[PlyCount "58"]
[EventDate "2024.04.05"]
[EventType "swiss"]
[EventRounds "7"]
[EventCountry "ENG"]
[SourceTitle "BritBase"]
[Source "John Saunders"]
[SourceDate "2024.05.09"]
[SourceVersion "1"]
[SourceVersionDate "2024.04.06"]
[SourceQuality "1"]

1. d4 d5 2. Bf4 Nf6 3. Nf3 Nbd7 4. c3 e6 5. e3 Be7 6. Bd3 c5 7. Nbd2 Qb6 8. Qc2
c4 9. Be2 Qc6 10. O-O b5 11. Ne5 Nxe5 12. Bxe5 O-O 13. Bxf6 Bxf6 14. e4 Bd7 15.
e5 Be7 16. f4 a5 17. Rf3 Rfb8 18. Rh3 g6 19. Nf3 b4 20. Ng5 Bxg5 21. fxg5 bxc3
22. Qxc3 Qb6 23. Rb1 Qb4 24. Qe3 Ra7 25. Rh6 Qf8 26. Qh3 Qg7 27. Qa3 Qf8 28.
Qh3 Qg7 29. Qa3 Qf8 1/2-1/2

[Event "UK Armed Services Championship"]
[Site "Wittering"]
[Date "2024.04.06"]
[Round "4.8"]
[White "Podolski, Edwin"]
[Black "Tucker, David S"]
[Result "1-0"]
[WhiteElo "1593"]
[BlackElo "1949"]
[PlyCount "39"]
[EventDate "2024.04.05"]
[EventType "swiss"]
[EventRounds "7"]
[EventCountry "ENG"]
[SourceTitle "BritBase"]
[Source "John Saunders"]
[SourceDate "2024.05.09"]
[SourceVersion "1"]
[SourceVersionDate "2024.04.06"]
[SourceQuality "1"]

1. e4 c5 2. Nf3 Nc6 3. b4 cxb4 4. d4 d5 5. exd5 Qxd5 6. c4 Qe4+ 7. Be2 Bg4 8.
Nbd2 Qg6 9. d5 Bxf3 10. Nxf3 Nb8 11. Qa4+ Nd7 12. c5 Qf6 13. O-O Qxa1 14. c6
Ngf6 15. cxd7+ Nxd7 16. Bf4 Qf6 17. Ne5 Rd8 18. Bb5 e6 19. Bxd7+ Ke7 20. Qxb4#
1-0

[Event "UK Armed Services Championship"]
[Site "Wittering"]
[Date "2024.04.06"]
[Round "4.9"]
[White "Kelly, Richard"]
[Black "Pun Magar, Bijay"]
[Result "1-0"]
[WhiteElo "1813"]
[BlackElo "1532"]
[PlyCount "99"]
[EventDate "2024.04.05"]
[EventType "swiss"]
[EventRounds "7"]
[EventCountry "ENG"]
[SourceTitle "BritBase"]
[Source "John Saunders"]
[SourceDate "2024.05.09"]
[SourceVersion "1"]
[SourceVersionDate "2024.04.06"]
[SourceQuality "1"]

1. d4 d5 2. c4 e6 3. Nc3 Nf6 4. Bg5 c6 5. cxd5 exd5 6. Nf3 Be6 7. Qc2 Nbd7 8.
e3 Be7 9. Bd3 h6 10. Bh4 O-O 11. O-O Rc8 12. Rac1 Bg4 13. Nd2 Qc7 14. h3 Be6
15. f4 Nb6 16. Nf3 c5 17. Qf2 c4 18. Bb1 Qd8 19. Qc2 g6 20. g4 Bd7 21. Ne5 Kg7
22. Nxg6 Rg8 23. Ne5 Kf8 24. Rf2 Ne8 25. Qh7 Rg7 26. Bxe7+ Qxe7 27. Qxh6 Rd8
28. f5 f6 29. Qh8+ Rg8 30. Ng6+ Kf7 31. Qxg8+ Kxg8 32. Nxe7+ Kg7 33. Nexd5 Nxd5
34. Nxd5 Bc6 35. Nb4 Bb5 36. a4 Bxa4 37. Rxc4 a5 38. Nd3 b5 39. Rc5 Rb8 40. Bc2
Bxc2 41. Rfxc2 a4 42. Rc8 Rxc8 43. Rxc8 Nd6 44. Rc7+ Kh6 45. Nb4 Kg5 46. Rg7+
Kh6 47. Rg6+ Kh7 48. Nd5 Ne4 49. Nxf6+ Nxf6 50. Rxf6 1-0

[Event "UK Armed Services Championship"]
[Site "Wittering"]
[Date "2024.04.06"]
[Round "4.10"]
[White "Simpson, Jack"]
[Black "Barnes, David"]
[Result "0-1"]
[WhiteElo "1538"]
[BlackElo "1738"]
[PlyCount "64"]
[EventDate "2024.04.05"]
[EventType "swiss"]
[EventRounds "7"]
[EventCountry "ENG"]
[SourceTitle "BritBase"]
[Source "John Saunders"]
[SourceDate "2024.05.09"]
[SourceVersion "1"]
[SourceVersionDate "2024.04.06"]
[SourceQuality "1"]

1. e4 e5 2. d4 exd4 3. c3 dxc3 4. Bc4 Nc6 5. Nxc3 d6 6. Nf3 Bg4 7. Bxf7+ Kxf7
8. Qb3+ Ke8 9. Ng5 Qd7 10. Nd5 Rb8 11. f3 h6 12. fxg4 hxg5 13. Bxg5 Nge7 14.
Qe3 Kd8 15. h3 Kc8 16. Bxe7 Bxe7 17. Nxe7+ Qxe7 18. O-O-O b6 19. a3 Kb7 20.
Rhf1 Rbe8 21. Rfe1 Rhf8 22. g3 Rf7 23. h4 Ref8 24. Rg1 Rf3 25. Qe1 Ne5 26. Kb1
Nxg4 27. Qe2 Ne3 28. Qd3 Nxd1 29. Qxd1 Qxe4+ 30. Ka2 Rf2 31. Re1 Qc4+ 32. Ka1
Rf1 0-1

[Event "UK Armed Services Championship"]
[Site "Wittering"]
[Date "2024.04.06"]
[Round "4.11"]
[White "Taylor, Harry"]
[Black "Fox, Thomas"]
[Result "0-1"]
[WhiteElo "1730"]
[BlackElo "1500"]
[PlyCount "76"]
[EventDate "2024.04.05"]
[EventType "swiss"]
[EventRounds "7"]
[EventCountry "ENG"]
[SourceTitle "BritBase"]
[Source "John Saunders"]
[SourceDate "2024.05.09"]
[SourceVersion "1"]
[SourceVersionDate "2024.04.06"]
[SourceQuality "1"]

1. e4 c6 2. Nc3 e5 3. d4 exd4 4. Qxd4 c5 5. Qe5+ Qe7 6. Nf3 Nf6 7. Nb5 Qxe5 8.
Nxe5 Na6 9. Bc4 d5 10. exd5 Nb4 11. Nc7+ Kd8 12. Nxa8 Nxc2+ 13. Kd1 Nxa1 14.
Nxf7+ Kd7 15. Nxh8 Ne4 16. Bb5+ Kd6 17. Bf4+ Kxd5 18. Nc7+ Kd4 19. Ke2 Nd6 20.
Rd1+ Ke4 21. Rd5 Kxf4 22. f3 Bf5 23. g3+ Kg5 24. Ne6+ Kf6 25. Nxf8 Nxb5 26.
Nd7+ Ke6 27. Rd1 Nd4+ 28. Kf2 Kxd7 29. Rxa1 Be6 30. b4 b6 31. bxc5 bxc5 32. h4
Kc6 33. h5 c4 34. h6 gxh6 35. Rh1 c3 36. Rc1 c2 37. Ke3 Kc5 38. f4 Bxa2 0-1

[Event "UK Armed Services Championship"]
[Site "Wittering"]
[Date "2024.04.06"]
[Round "4.12"]
[White "Hill, Thomas"]
[Black "Blair, Jimmy"]
[Result "0-1"]
[WhiteElo "1675"]
[BlackElo "1473"]
[PlyCount "76"]
[EventDate "2024.04.05"]
[EventType "swiss"]
[EventRounds "7"]
[EventCountry "ENG"]
[SourceTitle "BritBase"]
[Source "John Saunders"]
[SourceDate "2024.05.09"]
[SourceVersion "1"]
[SourceVersionDate "2024.04.06"]
[SourceQuality "1"]

1. e4 b6 2. Nc3 Bb7 3. Nf3 e6 4. d4 d6 5. Bb5+ Nd7 6. e5 d5 7. O-O g6 8. Bg5
Ne7 9. Bf6 Rg8 10. Ng5 c6 11. Qf3 cxb5 12. Nxb5 Nxf6 13. Qxf6 Rg7 14. Nd6+ Kd7
15. Nxb7 Qc7 16. Nd6 Ng8 17. Qf4 Bxd6 18. exd6 Qxd6 19. Qxd6+ Kxd6 20. Rfe1 h6
21. Nf3 Rc8 22. c3 Ne7 23. g4 g5 24. Re3 f5 25. h3 f4 26. Re2 Rg6 27. Ne5 Rf6
28. f3 Ng6 29. Rae1 Rh8 30. Nf7+ Rxf7 31. Rxe6+ Kd7 32. Rxg6 h5 33. Kg2 hxg4
34. hxg4 Rfh7 35. Ree6 Rh2+ 36. Kf1 Rh1+ 37. Ke2 R8h2+ 38. Kd3 Rd1# 0-1

[Event "UK Armed Services Championship"]
[Site "Wittering"]
[Date "2024.04.06"]
[Round "4.13"]
[White "O'Neill, Stephen G"]
[Black "Kenyon, James"]
[Result "0-1"]
[WhiteElo "1536"]
[BlackElo "1675"]
[PlyCount "42"]
[EventDate "2024.04.05"]
[EventType "swiss"]
[EventRounds "7"]
[EventCountry "ENG"]
[SourceTitle "BritBase"]
[Source "John Saunders"]
[SourceDate "2024.05.09"]
[SourceVersion "1"]
[SourceVersionDate "2024.04.06"]
[SourceQuality "1"]

1. e4 c6 2. b3 d5 3. d3 dxe4 4. dxe4 Qxd1+ 5. Kxd1 Nf6 6. Nc3 e5 7. Nf3 Bg4 8.
Be2 Bb4 9. Bb2 Bxc3 10. Bxc3 Nxe4 11. Be1 Nd7 12. Kc1 O-O-O 13. Kb2 Nec5 14. h3
Bf5 15. Bc3 f6 16. Rad1 Ne4 17. Rhf1 Nxc3 18. Kxc3 Nc5 19. Kc4 b6 20. c3 a5 21.
b4 Be6+ 0-1

[Event "UK Armed Services Championship"]
[Site "Wittering"]
[Date "2024.04.06"]
[Round "4.14"]
[White "O'Byrne, Danny"]
[Black "Lavender, Lee"]
[Result "1/2-1/2"]
[WhiteElo "1672"]
[BlackElo "1465"]
[PlyCount "44"]
[EventDate "2024.04.05"]
[EventType "swiss"]
[EventRounds "7"]
[EventCountry "ENG"]
[SourceTitle "BritBase"]
[Source "John Saunders"]
[SourceDate "2024.05.09"]
[SourceVersion "1"]
[SourceVersionDate "2024.04.06"]
[SourceQuality "1"]

1. e4 c6 2. d4 d5 3. e5 c5 4. c3 Nc6 5. Be3 Nh6 6. Be2 Nf5 7. Nf3 Nxe3 8. fxe3
Bg4 9. O-O e6 10. h3 Bxf3 11. Bxf3 Be7 12. e4 cxd4 13. exd5 exd5 14. cxd4 Qb6
15. Bxd5 O-O 16. Bxc6 bxc6 17. Qd2 Bg5 18. Qc3 Rfd8 19. Rd1 Rxd4 20. Rxd4 Rd8
21. Na3 Rxd4 22. Kh1 Bd2 1/2-1/2

[Event "UK Armed Services Championship"]
[Site "Wittering"]
[Date "2024.04.06"]
[Round "4.15"]
[White "Stuttard, Harry"]
[Black "Knight, Christopher J"]
[Result "0-1"]
[WhiteElo "1489"]
[BlackElo "1669"]
[PlyCount "55"]
[EventDate "2024.04.05"]
[EventType "swiss"]
[EventRounds "7"]
[EventCountry "ENG"]
[SourceTitle "BritBase"]
[Source "John Saunders"]
[SourceDate "2024.05.09"]
[SourceVersion "1"]
[SourceVersionDate "2024.04.06"]
[SourceQuality "1"]

1. d4 c5 2. d5 Nf6 3. c4 e6 4. Nc3 exd5 5. cxd5 d6 6. e4 g6 7. Bg5 Bg7 8. Qf3
O-O 9. Nge2 a6 10. h3 h6 11. Bh4 g5 12. Bg3 Re8 13. Nc1 b5 14. Bd3 c4 15. Bc2
b4 16. Na4 Ra7 17. O-O Rae7 18. Re1 Nxd5 19. Qd1 Bb7 20. f3 Nf4 21. Ne2 Be5 22.
Nxf4 Bxf4 23. Bxf4 gxf4 24. Qd2 Nc6 25. Rad1 Re6 26. Qxf4 Rf6 27. Qh4 Ne5 28.
Nc5 0-1

[Event "UK Armed Services Championship"]
[Site "Wittering"]
[Date "2024.04.06"]
[Round "4.16"]
[White "Brown, William"]
[Black "Goodman, Paul"]
[Result "0-1"]
[WhiteElo "1450"]
[BlackElo "1640"]
[PlyCount "72"]
[EventDate "2024.04.05"]
[EventType "swiss"]
[EventRounds "7"]
[EventCountry "ENG"]
[SourceTitle "BritBase"]
[Source "John Saunders"]
[SourceDate "2024.05.09"]
[SourceVersion "1"]
[SourceVersionDate "2024.04.06"]
[SourceQuality "1"]

1. e4 c5 2. Nf3 Nc6 3. b3 e6 4. Bb2 Nf6 5. d3 d5 6. e5 Ng8 7. d4 cxd4 8. Nxd4
Bd7 9. Nxc6 Bxc6 10. Bd3 g6 11. O-O Bg7 12. Qe2 Ne7 13. Nc3 O-O 14. f4 Rc8 15.
Ba3 Re8 16. Nb5 Bxb5 17. Bxb5 Nc6 18. Bd3 a6 19. Qf2 f5 20. Rad1 Bf8 21. Bb2
Qa5 22. Ra1 Bc5 23. Qxc5 Qxc5+ 24. Kh1 Rc7 25. c4 Rd8 26. a4 Nb4 27. Ba3 a5 28.
Be2 d4 29. Rfd1 Rcd7 30. Rd2 d3 31. Bf3 Qd4 32. Rad1 Qxf4 33. Bb2 g5 34. Bh5 g4
35. h3 gxh3 36. gxh3 Rg7 0-1

[Event "UK Armed Services Championship"]
[Site "Wittering"]
[Date "2024.04.06"]
[Round "4.18"]
[White "Eades, Laurence"]
[Black "Nelder, Alan J"]
[Result "1-0"]
[WhiteElo "1409"]
[BlackElo "1628"]
[PlyCount "55"]
[EventDate "2024.04.05"]
[EventType "swiss"]
[EventRounds "7"]
[EventCountry "ENG"]
[SourceTitle "BritBase"]
[Source "John Saunders"]
[SourceDate "2024.05.09"]
[SourceVersion "1"]
[SourceVersionDate "2024.04.06"]
[SourceQuality "1"]

1. e4 d6 2. Bc4 Nf6 3. Nc3 g6 4. Nf3 Bg7 5. d3 e5 6. Ng5 O-O 7. f4 Bg4 8. Nf3
Nbd7 9. h3 Bxf3 10. Qxf3 Nh5 11. f5 Qh4+ 12. Qf2 Qxf2+ 13. Kxf2 gxf5 14. exf5
a5 15. g4 Nhf6 16. g5 Nh5 17. g6 hxg6 18. fxg6 c6 19. Bxf7+ Kh8 20. Kg2 Nf4+
21. Kh2 d5 22. Bxf4 exf4 23. Raf1 Be5 24. Rhg1 Kg7 25. Ne2 f3+ 26. Ng3 Bd4 27.
Rh1 f2 28. Nf5+ 1-0

[Event "UK Armed Services Championship"]
[Site "Wittering"]
[Date "2024.04.06"]
[Round "4.19"]
[White "Brewer, Sam"]
[Black "Woolf, Ben"]
[Result "0-1"]
[WhiteElo "1397"]
[BlackElo "1622"]
[PlyCount "60"]
[EventDate "2024.04.05"]
[EventType "swiss"]
[EventRounds "7"]
[EventCountry "ENG"]
[SourceTitle "BritBase"]
[Source "John Saunders"]
[SourceDate "2024.05.09"]
[SourceVersion "1"]
[SourceVersionDate "2024.04.06"]
[SourceQuality "1"]

1. d4 f5 2. c4 Nf6 3. Nc3 e6 4. e3 Bb4 5. Qc2 Bxc3+ 6. bxc3 b6 7. Nf3 Bb7 8.
Be2 Ne4 9. h4 d6 10. Bb2 Nd7 11. Rd1 O-O 12. d5 e5 13. Nd2 Ndc5 14. Bf3 Nxd2
15. Rxd2 e4 16. Be2 Qf6 17. Ba3 Na6 18. f3 Rae8 19. f4 Qe7 20. g4 g6 21. gxf5
gxf5 22. Bh5 Rb8 23. Rg2+ Kh8 24. Qd1 Rg8 25. Rg5 Qf6 26. Kd2 h6 27. Bb2 Nc5
28. Qe2 Rg7 29. Rxg7 Qxg7 30. Kc2 Rg8 0-1

[Event "UK Armed Services Championship"]
[Site "Wittering"]
[Date "2024.04.06"]
[Round "4.21"]
[White "Chwieseni, Edward I"]
[Black "Mawer, Thomas"]
[Result "1-0"]
[WhiteElo "1788"]
[BlackElo "1300"]
[PlyCount "71"]
[EventDate "2024.04.05"]
[EventType "swiss"]
[EventRounds "7"]
[EventCountry "ENG"]
[SourceTitle "BritBase"]
[Source "John Saunders"]
[SourceDate "2024.05.09"]
[SourceVersion "1"]
[SourceVersionDate "2024.04.06"]
[SourceQuality "1"]

1. e4 c5 2. Nf3 Nc6 3. Bb5 a6 4. Bc4 e6 5. Nc3 Be7 6. d4 b5 7. Be2 Nf6 8. e5
Ng8 9. d5 b4 10. dxc6 bxc3 11. cxd7+ Qxd7 12. Qxd7+ Bxd7 13. bxc3 Bd8 14. O-O
Ne7 15. Rd1 Ba4 16. Bd3 O-O 17. c4 Bc7 18. Ba3 Nc6 19. Bxc5 Rfd8 20. Bd6 Bxd6
21. exd6 Nb4 22. Rd2 Nxd3 23. cxd3 Rxd6 24. d4 Rad8 25. Rc1 h6 26. h4 Kf8 27.
c5 Rd5 28. Rc4 Bc6 29. Rb2 Bb5 30. Rcb4 f6 31. a4 Bd3 32. c6 Ke7 33. R2b3 Be4
34. Rb7+ Kf8 35. Rb8 Bxf3 36. c7 1-0

[Event "UK Armed Services Championship"]
[Site "Wittering"]
[Date "2024.04.06"]
[Round "4.22"]
[White "Huyton, Paul M"]
[Black "Eddershaw, John HT"]
[Result "1-0"]
[WhiteElo "1644"]
[BlackElo "1273"]
[PlyCount "119"]
[EventDate "2024.04.05"]
[EventType "swiss"]
[EventRounds "7"]
[EventCountry "ENG"]
[SourceTitle "BritBase"]
[Source "John Saunders"]
[SourceDate "2024.05.09"]
[SourceVersion "1"]
[SourceVersionDate "2024.04.06"]
[SourceQuality "1"]

1. e4 e5 2. Nf3 Nc6 3. Bb5 Nd4 4. Nxd4 exd4 5. O-O Nf6 6. d3 a6 7. Ba4 c6 8.
Nd2 Be7 9. Nf3 b5 10. Bb3 c5 11. a3 O-O 12. Re1 Bb7 13. Ba2 Bd6 14. e5 Bxf3 15.
Qxf3 Re8 16. Bf4 Qe7 17. Kf1 Qf8 18. exd6 Rxe1+ 19. Rxe1 Re8 20. Rxe8 Qxe8 21.
Qe2 Qxe2+ 22. Kxe2 Kf8 23. Bg5 Ng8 24. Bd8 Nh6 25. Bd5 Nf5 26. Bc7 g6 27. b4
cxb4 28. axb4 Kg7 29. Bb7 Kf6 30. Bxa6 Ke6 31. Bxb5 Nxd6 32. Bxd6 Kxd6 33. Bc4
f6 34. f4 h6 35. Kf3 f5 36. h4 Kc6 37. Bf7 Kb5 38. Ke2 Kxb4 39. Kd2 Kc5 40.
Bxg6 Kd6 41. Bxf5 Ke7 42. Ke2 d6 43. g4 d5 44. Kd2 Kf6 45. h5 Kg7 46. c3 dxc3+
47. Kxc3 Kf6 48. Kd4 Kf7 49. Kxd5 Kf6 50. Kd6 Kf7 51. g5 Kg7 52. Ke7 Kh8 53. d4
Kg8 54. d5 Kg7 55. d6 hxg5 56. fxg5 Kg8 57. d7 Kg7 58. Be6 Kh7 59. d8=Q Kg7 60.
Qg8# 1-0

[Event "UK Armed Services Championship"]
[Site "Wittering"]
[Date "2024.04.06"]
[Round "4.23"]
[White "Ross, David C (snr)"]
[Black "Mulholland, Richard"]
[Result "1-0"]
[WhiteElo "1710"]
[BlackElo "1000"]
[PlyCount "49"]
[EventDate "2024.04.05"]
[EventType "swiss"]
[EventRounds "7"]
[EventCountry "ENG"]
[SourceTitle "BritBase"]
[Source "John Saunders"]
[SourceDate "2024.05.09"]
[SourceVersion "1"]
[SourceVersionDate "2024.04.06"]
[SourceQuality "1"]

1. e4 Nf6 2. e5 Ne4 3. d4 d6 4. Bd3 Bf5 5. f3 Nf2 6. Kxf2 Bxd3 7. Qxd3 dxe5 8.
dxe5 Qxd3 9. cxd3 Nc6 10. e6 fxe6 11. Ne2 O-O-O 12. Na3 e5 13. Rd1 e6 14. Nc4
Bc5+ 15. Be3 b6 16. Bxc5 bxc5 17. Rac1 Nb4 18. Nxe5 Rd5 19. f4 g5 20. g3 Rf8
21. Nc3 Rd4 22. Nb5 Nxa2 23. Rxc5 gxf4 24. Nxd4 fxg3+ 25. Kxg3 1-0

[Event "UK Armed Services Championship"]
[Site "Wittering"]
[Date "2024.04.06"]
[Round "4.24"]
[White "Crossley, Sam"]
[Black "Chapman, Chas"]
[Result "1/2-1/2"]
[WhiteElo "1472"]
[BlackElo "1546"]
[PlyCount "111"]
[EventDate "2024.04.05"]
[EventType "swiss"]
[EventRounds "7"]
[EventCountry "ENG"]
[SourceTitle "BritBase"]
[Source "John Saunders"]
[SourceDate "2024.05.09"]
[SourceVersion "1"]
[SourceVersionDate "2024.04.06"]
[SourceQuality "1"]

1. e4 c5 2. Nf3 d6 3. Bc4 Nf6 4. d3 g6 5. Ng5 e6 6. Nd2 Bg7 7. f4 O-O 8. O-O
Nc6 9. Ndf3 a6 10. e5 dxe5 11. fxe5 Nd7 12. Bf4 Ndxe5 13. Re1 Nxc4 14. dxc4
Bxb2 15. Qxd8 Rxd8 16. Rab1 Bg7 17. g3 h6 18. Ne4 Nd4 19. Re3 Nxf3+ 20. Rxf3 e5
21. Bc1 Bf8 22. Rd3 Bf5 23. Nf6+ Kg7 24. Rxd8 Rxd8 25. Nd5 Be6 26. Rxb7 Bxd5
27. cxd5 Rxd5 28. Bb2 Kf6 29. Rb6+ Rd6 30. Rb8 Be7 31. Ba3 Rd1+ 32. Kg2 Rd2+
33. Kf1 Rxc2 34. Rb6+ Kg7 35. Bb2 f6 36. Rb7 Kf7 37. Ba3 Ke6 38. Rb6+ Kd5 39.
Rxa6 Rxa2 40. Ra5 Bd6 41. Ra4 c4 42. Ra5+ Kd4 43. Bc5+ Bxc5 44. Rxa2 Kd3 45.
Ra5 Bd4 46. Ke1 Kc2 47. Ra2+ Kb1 48. Ra4 c3 49. Rb4+ Ka2 50. Kd1 Ka3 51. Rc4 h5
52. Kc2 g5 53. Rc6 Kb4 54. Rxf6 Kc4 55. h4 gxh4 56. gxh4 1/2-1/2

[Event "UK Armed Services Championship"]
[Site "Wittering"]
[Date "2024.04.06"]
[Round "4.25"]
[White "Lock, Benedict"]
[Black "Arrowsuch, Samuel"]
[Result "0-1"]
[WhiteElo "1545"]
[BlackElo "1150"]
[PlyCount "94"]
[EventDate "2024.04.05"]
[EventType "swiss"]
[EventRounds "7"]
[EventCountry "ENG"]
[SourceTitle "BritBase"]
[Source "John Saunders"]
[SourceDate "2024.05.09"]
[SourceVersion "1"]
[SourceVersionDate "2024.04.06"]
[SourceQuality "1"]

1. c4 f5 2. d4 Nf6 3. f3 g6 4. Nc3 Bg7 5. e4 d6 6. d5 O-O 7. Bg5 e6 8. Qb3 Qe8
9. O-O-O exd5 10. cxd5 b6 11. Bb5 Bd7 12. Nge2 a6 13. Bxd7 Nbxd7 14. Rhe1 Nc5
15. Qc4 fxe4 16. fxe4 Nfxe4 17. Nxe4 Nxe4 18. Ng3 Qe5 19. Rd2 Nxd2 20. Bxd2
Qxb2+ 21. Kd1 Qa1+ 22. Bc1 Qd4+ 23. Qxd4 Bxd4 24. Bh6 Bg7 25. Bxg7 Kxg7 26.
Re7+ Kh6 27. Rxc7 Rf2 28. Ne4 Rxg2 29. Nxd6 g5 30. Nf7+ Kg6 31. d6 Rf8 32. Re7
Kf6 33. Ne5 Rd8 34. Rd7 Rxd7 35. Nxd7+ Ke6 36. Nxb6 Kxd6 37. Nc4+ Ke6 38. a4
Rxh2 39. Ne3 Kd6 40. Ng4 Rh4 41. Nf6 Rxa4 42. Nxh7 Ra5 43. Kd2 Rb5 44. Nf6 Kc5
45. Ne4+ Kc4 46. Nd6+ Kb4 47. Nxb5 Kxb5 0-1

[Event "UK Armed Services Championship"]
[Site "Wittering"]
[Date "2024.04.06"]
[Round "4.26"]
[White "Pitchers, Michael"]
[Black "Rai, Rajip"]
[Result "0-1"]
[WhiteElo "1528"]
[BlackElo "1300"]
[PlyCount "40"]
[EventDate "2024.04.05"]
[EventType "swiss"]
[EventRounds "7"]
[EventCountry "ENG"]
[SourceTitle "BritBase"]
[Source "John Saunders"]
[SourceDate "2024.05.09"]
[SourceVersion "1"]
[SourceVersionDate "2024.04.06"]
[SourceQuality "1"]

1. Nf3 d5 2. d4 c5 3. c4 Nc6 4. dxc5 d4 5. e3 e5 6. exd4 exd4 7. Be2 Bxc5 8.
O-O Nge7 9. Bf4 O-O 10. Re1 Qb6 11. Qb3 Re8 12. Qxb6 Bxb6 13. Nbd2 Bf5 14. Ne5
Nxe5 15. Bxe5 Nc6 16. Bd6 Re6 17. Bf4 Rae8 18. Kf1 Ba5 19. Bf3 h6 20. h4 Bd3+
0-1